Charmed new quiz - Statistics

General Stats
  • This quiz has been taken 296 times
  • The average score is 9 of 15
Answer Stats
Hint Answer % Correct
which season does leo become mortal? 7
97%
which season is phoebe stripped of her powers? 7
97%
How many seasons are there? 8
93%
what year did the show end? 2006
92%
what year did the show start? 1998
91%
what color is future Prue's hair when they travel to the future in "witch trial" ? blond
91%
What was Paige's dad? Whitelighter
70%
What was Phoebe's second power? levitation
58%
What was Prue's second power? Astral Projection
55%
Who tried to kidnap and kill Wyatt? Gideon
46%
Which episode is christy killed by billie deflecting her fireball? Forever charmed
30%
What was the theme song? How soon is now
27%
What was Piper's second power? Blowing things up
24%
what was Prue's name when she entered the body of a comatose witch? Patience
9%
What are Paige's powers? Orbing, tele-orbing
1%
No matching quizzes found
Score Distribution
Percent of People with Each Score
Percentile by Number Answered
Your Score History
You have not taken this quiz